000 00796cam a2200253 4500
008 060703s1996 mx 000 0 spa u
020 _a9681626125
035 _aa454719
100 1 _aTournier, Michel.
245 1 3 _aEl vuelo del vampiro :
_b notas de lectura /
_c Michel Tournier ; tr. José Luis Rivas.
250 _a1a. ed.
260 _aMéxico:
_bFondo de cultura económica,
_c1996
300 _a344 p.;
_c2 cm.
440 0 _aLengua y estudios literarios
500 _aREVISADO
500 _aTraducción de :Le vol du vampire
504 _aIncluye índice
506 _aPIFI 3.1
650 4 _aLiteratura moderna
_x Historia y crítica
650 4 _aNovela
_x Historia y crítica
700 1 _aRivas, José Luis, tr.
942 _2lcc
_cLIB
999 _c130675
_d130675